000 00394cam a22001097a 4500
008 180718b1977 xxu||||| |||| 00| 0 eng d
082 _aR22x5452 T152
245 _aReport on the 15th quinquennial wages census in Tamil Nadu Conducted during 1976
_cby Department of Statistics
260 _aMadras
_bGovernment of Tamil Nadu
_c1977
300 _a123p
700 _aTamil Nadu. Department of Statistics
999 _c496042
_d496042